Autumnal voice: Happiness within and without/ (Record no. 188897)

MARC details
000 -LEADER
fixed length control field 00433nam a22001697a 4500
005 - DATE AND TIME OF LATEST TRANSACTION
control field 20220607121316.0
010 ## - LCCN (DPL NO)
LC control number ENG-133053
020 ## - INTERNATIONAL STANDARD BOOK NUMBER
Terms of availability 120.00
035 ## - SYSTEM CONTROL NUMBER
System control number EN-116585
037 ## - SOURCE OF ACQUISITION
Source of stock number/acquisition DBAD/PUB
082 ## - DEWEY DECIMAL CLASSIFICATION NUMBER
Classification number 808.88
100 ## - MAIN ENTRY--PERSONAL NAME
Personal name Goyal, Arunesh
245 ## - TITLE STATEMENT
Title Autumnal voice: Happiness within and without/
Statement of responsibility, etc Arunesh Goyal
260 ## - PUBLICATION, DISTRIBUTION, ETC. (IMPRINT)
Date of publication, distribution, etc 2017
300 ## - PHYSICAL DESCRIPTION
Extent 90p.
Dimensions 22cm(pbk)
942 ## - ADDED ENTRY ELEMENTS (KOHA)
Source of classification or shelving scheme Dewey Decimal Classification
Item type English Books
Call number suffix GOY
Classification part 808.88
Holdings
Withdrawn status Lost status Not for loan Collection code Home library Current library Date acquired Source of acquisition Cost, normal purchase price Full call number Barcode Copy number Cost, replacement price Koha item type
      Non-fiction Bawana Bawana 07/06/2022 1 120.00 808.88 GOY EN-116585 1 120.00 English Books

© Delhi Public Library
Hit Counter
free hit counter